| 000 | 00344nam a2200157Ia 4500 | ||
|---|---|---|---|
| 999 |
_c40175 _d40175 |
||
| 003 | 0100 | ||
| 005 | 20190111170205.0 | ||
| 008 | 130303s9999 xx 000 0 und d | ||
| 040 | _cARRUPELIB | ||
| 050 | _aGN741.C55 1965 | ||
| 100 |
_aClark, Grahame _943948 |
||
| 245 |
_aPrehistoric societies _cGrahame Clark and Stuart Piggott |
||
| 260 |
_aLondon _bHutchinson and Co. _c1965 |
||
| 300 |
_a356p. ; _c23cm. |
||
| 440 |
_aThe history of human society _943949 |
||
| 650 |
_aPrehistoric people _943950 |
||
| 650 |
_aAntiquities, Prehistoric _943951 |
||
| 700 |
_aPiggott, Stuart _943994 |
||
| 942 |
_2lcc _cMONOGRAPH |
||